000 00520nam a22001817a 4500
005 20260202101737.0
008 260202b |||||||| |||| 00| 0 eng d
020 _a9781529630008 (pbk)
040 _cPK-LaUMT
082 _a519.50285536
_bFIE-D
100 _aField, Andy
_98950
245 _aDiscovering statistics using IBM SPSS statistics /
_cby Andy Field
250 _a 6th ed.
260 _aLondon :
_bSage,
_c2024
300 _a1110 p.
650 _aMathematical statistics-Data processing
_98951
942 _cBK
999 _c139614
_d139614